01747nam a2200313 i 4500001001300000003000900013005001700022008004100039020002900080020001500109040004300124041002600167082003300193100003600226245013100262250001700393264003300410300002100443336002700464337003400491338002700525490001100552504003400563520066500597630006101262650006201323655003601385830001201421000000182561IT-MiSPE20250317105142.0190321s2019 it b 00| 0 ita d a9788830816732c16,50 € a8830816736 aIT-MiSPEbitaerdacIT-MiSPEdIT-MiSPE aitahgre (trascritto) a227.07-COR gi no (ppv 23376)1 aCorvino, Giancarloeautore4aut10aNoi abbiamo la mente di Cristo :bsapienza umana e sapienza divina in Paolo /cGiancarlo Corvino ; prefazione di Romano Penna. a1a edizione. 1aAssisi :bCittadella,c2019. a272 p. ;c21 cm. 2rdacontentatestobtxt 2rdamediaasenza mediazionebn 2rdacarrieravolumebnc1 aPlanus aBibliografia: pagine 267-272. aL'affermazione di Paolo "Noi abbiamo la mente di Cristo" (1 Cor2, 16) è audace, soprattutto se confrontata con il suo sfondo giudaico, dove si afferma che la sapienza del Signore è inarrivabile. Tutt'al più. il libro della Sapienza concede la possibilità di una tale conoscenza, solo se "tu gli avessi dato la sapienza e dall'alto gli avessi inviato il tuo santo spirito" (Sap 9,17). Lo specifico del discorso paolino presenta la connessione tra la sapienza divina, umanamente irraggiungibile, e la sua imprevedibile rivelazione nella croce di Gesù Cristo. I cristiani, condividendo la stessa "mente di Cristo", possono accedere alla sapienza di Dio. aBibbiatPrima Lettera ai CorinzivN.T.xLettere di Paolo 7aBibbia N.T. Lettere di Paolo -- Temi [:] Sapienza2nsbncf aBibbiaxPaolo: studi e teologia 0aPlanus.